| 000 | 00906nam0a22002651 4500 | ||
|---|---|---|---|
| 001 | rc\480512 | ||
| 005 | 20250621101650.0 | ||
| 035 | _a(NLR Aleph) 005723418 | ||
| 090 |
_a7503274 _c7503274 |
||
| 100 | _a20030616d1987 |||y0rusy50 ca | ||
| 101 | 0 | _arus | |
| 102 | _aRU | ||
| 105 | _aa ||||||||| | ||
| 200 | 1 | _aМалогабаритные канализационные очистные установки | |
| 210 |
_aМ. _cСтройиздат _d1987 |
||
| 215 |
_a135, [2] с. _cил. _d22 |
||
| 225 | 1 | _aОхрана окружающей природной среды | |
| 320 | _aБиблиогр.: с. 135-136 (34 назв.) | ||
| 700 | 1 |
_aМельдер _bХ.А. _gХейно Александрович |
|
| 701 | 1 |
_aПааль _bЛ.Л. _gЛеопольд Либориусович |
|
| 801 | 0 |
_aRU _bNLR _gpsbo |
|
| 801 | 1 |
_aRU _bELAR _2rusmarc |
|
| 852 |
_aNLR _j87-5/2958 |
||
| 942 | _cBOOK | ||
| 980 | _aNB | ||